| 000 | 00982cam a2200289 4500 | ||
|---|---|---|---|
| 001 | 15363 | ||
| 003 | BD-RjUL | ||
| 005 | 20211208235812.0 | ||
| 008 | 140210s1971 ru a b 000 0 eng | ||
| 035 | _a(BD-RjUL)15417 | ||
| 040 |
_aDLC _cDLC _dDLC _dBD-RjUL _beng |
||
| 041 | 1 |
_aeng _brus |
|
| 082 | 0 | 0 |
_a581.1 _bKOR 1971 |
| 100 | 1 |
_aKolesnikov, V. A. _q(Venedikt Andreevich) _947735 |
|
| 245 | 1 | 4 |
_aThe root system of fruit plants / _cV. Kolesnikov. Translated from the Russian by Ludmila Aksenova. |
| 260 |
_aMoscow : _bMir Publishers, _c1971. |
||
| 300 |
_a269 p. : _bill. ; _c21 cm. |
||
| 350 | _a1.43rub | ||
| 500 | _aTranslation of Kornevai︠a︡ sistema plodovykh rasteniĭ metody ee izuchenii︠a︡. | ||
| 504 | _aBibliography: p. 254-[269] | ||
| 650 | 0 |
_aRoots (Botany) _936171 |
|
| 650 | 0 |
_aFruit. _947736 |
|
| 942 |
_2ddc _cBK |
||
| 999 |
_c15363 _d15363 |
||